| 000 | 00548nam a22001817a 4500 | ||
|---|---|---|---|
| 003 | OSt | ||
| 005 | 20260304033609.0 | ||
| 008 | 260304b |||||||| |||| 00| 0 eng d | ||
| 020 | _a978-621-412-072-7 | ||
| 040 |
_aDWCL - Main lib _cOC |
||
| 082 | _aFil. 510 D582m 2020 | ||
| 100 | _aDimacali, Edward C, | ||
| 245 |
_aMathematical Minds 10 / _cEdward C. Dimacali |
||
| 260 |
_aQuezon City, Philippiness: _bSt. Bernadette Publishing, _cc2020. |
||
| 300 |
_avii, 480p: _bcol. ill; _c25cm. |
||
| 650 | _a1.Mathematics | ||
| 942 |
_2ddc _cBK - FIL _mFil. _n0 |
||
| 999 |
_c8603 _d8603 |
||